header

Mockingbird song (Record no. 45901)

MARC details
000 -LEADER
fixed length control field 01723nam a22003734a 4500
082 04 - DEWEY DECIMAL CLASSIFICATION NUMBER
Classification number 304.20975
100 1# - MAIN ENTRY--AUTHOR NAME
Personal name Kirby, Jack Temple.
245 10 - TITLE STATEMENT
Title Mockingbird song
260 ## - PUBLICATION, DISTRIBUTION, ETC. (IMPRINT)
Place of publication Chapel Hill :
Name of publisher University of North Carolina Press,
Year of publication c2006.
300 ## - PHYSICAL DESCRIPTION
Number of Pages xx, 361 p. :
Other physical details ill., maps.
505 0# - FORMATTED CONTENTS NOTE
Formatted contents note Prologue: An orientation mostly along St. Johns River -- Original civilizations -- Plantation traditions -- Commoners and the commons -- Matanzas and mastery -- Enchantment and equilibrium -- Cities of clay -- Epilogue: Postmodern landscapes.
650 #0 - SUBJECT ADDED ENTRY--TOPICAL TERM
Topical Term Human ecology
Topical Term Geographical perception
Topical Term Landscape assessment
856 40 - ELECTRONIC LOCATION AND ACCESS
Uniform Resource Identifier http://site.ebrary.com/lib/rucke/Doc?id=10351509

No items available.

© 2026 Rongo University
Contact us: librarian | system librarian | Rongo university